Charmed Trivia - Statistics

General Stats
  • This quiz has been taken 1,266 times
  • The average score is 16 of 29
Answer Stats
Hint Answer % Correct
Who is Piper's husband? Leo
98%
Which sister married a mortal man? Paige
97%
What season did Piper open her club? 2
93%
What was it called? P3
92%
And what is he? Whitelighter
87%
And he was a? demon
82%
Who was Phoebe's first husband? Cole
81%
What does he become at the end of season 5? Elder
72%
Who said the Titans killed Paige? Chris
69%
Where did she work before that? Quake
65%
Who was Prue's first boyfriend? Andy
64%
And at the end of season 7? Mortal
64%
And he was a? Cupid
63%
What was his name? Henry
63%
What was the sisters' cat named? Kit
63%
Phoebe was the goddess of what in "Oh My Goddess"? Love
63%
And her second? Coop
54%
And in season 7? Avatar
53%
How may children make up the charmed progengy? 9
47%
And their grandmother? Penny
47%
Which demon killed Prue? Shax
44%
What drink was Prue obsessed with? coffee
22%
What was Patty's power? Freezing
22%
What are the names of Piper's children? Wyatt Chris Melinda
22%
Who did she date from her office? Jack
19%
Who dies at the end of season 7? Zankou
18%
What is the sister's grandfather named? Alan
12%
How did Paige dye her hair red? potion explosion
7%
Who masqueraded as Piper in "Power of the Three Blondes"? Mabel
4%
No matching quizzes found
Score Distribution
Percent of People with Each Score
Percentile by Number Answered
Your Score History
You have not taken this quiz